000
00392nam a2200145Ia 4500
008
230917s9999||||xx |||||||||||||| ||und||
040
_e
169743
_a
MAIN
041
_a
English
082
_a
891.432751 SR23G
100
_a
शर्मा, राजेश
245
0
_a
गन्ध माटी
260
_a
दिल्ली
_b
बजरंग
_c
1996
300
_a
79 पृ. p.
942
_c
HN
999
_c
96619
_d
96619